| 000 | 00854nam a2200241Ia 4500 | ||
|---|---|---|---|
| 005 | 20211110133636.0 | ||
| 008 | 130821s1999 xxu gr eng | ||
| 020 | _a821345710 | ||
| 040 |
_aCo-BoUCM _bspa _c[Nuevo] _d[Nuevo] |
||
| 041 | 0 | 0 | _aeng |
| 100 | 1 |
_aJack, William _d1964- _975794 |
|
| 245 | 1 | 0 |
_aPrinciples of health economics for developing countries _cWilliam Jack |
| 260 |
_aWashington D.C. (Estados Unidos) _bWorld Bank _c1999 |
||
| 300 | _av, 298 páginas | ||
| 490 | 0 | _aWBI Development Studies | |
| 650 | 0 | 7 |
_aAtención médica _zPaíses en desarrollo _99710 |
| 650 | 0 | 7 |
_aEconomía médica _zPaíses en desarrollo _913704 |
| 650 | 0 | 7 |
_aEconomía _9174 |
| 650 | 0 | 7 |
_aSalud pública _xAspectos económicos _98073 |
| 690 | 0 |
_aEconomía _9174 |
|
| 942 |
_a7 _e1 _mJ121p _cLIBRO _2DEWEY _h338.433621 |
||
| 999 |
_c40180 _d40180 |
||